<?xml version="1.0" encoding="UTF-8"?><?xml-stylesheet type="text/xsl" href="static/style.xsl"?><OAI-PMH xmlns="http://www.openarchives.org/OAI/2.0/" xmlns:xsi="http://www.w3.org/2001/XMLSchema-instance" xsi:schemaLocation="http://www.openarchives.org/OAI/2.0/ http://www.openarchives.org/OAI/2.0/OAI-PMH.xsd"><responseDate>2026-04-13T04:56:14Z</responseDate><request verb="GetRecord" identifier="oai:www.recercat.cat:2117/406273" metadataPrefix="marc">https://recercat.cat/oai/request</request><GetRecord><record><header><identifier>oai:recercat.cat:2117/406273</identifier><datestamp>2025-07-22T16:51:55Z</datestamp><setSpec>com_2072_1033</setSpec><setSpec>col_2072_452951</setSpec></header><metadata><record xmlns="http://www.loc.gov/MARC21/slim" xmlns:dcterms="http://purl.org/dc/terms/" xmlns:xsi="http://www.w3.org/2001/XMLSchema-instance" xmlns:doc="http://www.lyncode.com/xoai" xsi:schemaLocation="http://www.loc.gov/MARC21/slim http://www.loc.gov/standards/marcxml/schema/MARC21slim.xsd">
   <leader>00925njm 22002777a 4500</leader>
   <datafield ind2=" " ind1=" " tag="042">
      <subfield code="a">dc</subfield>
   </datafield>
   <datafield ind2=" " ind1=" " tag="720">
      <subfield code="a">Clavè Bertran, Guillem</subfield>
      <subfield code="e">author</subfield>
   </datafield>
   <datafield ind2=" " ind1=" " tag="260">
      <subfield code="c">2024-02-21</subfield>
   </datafield>
   <datafield ind2=" " ind1=" " tag="520">
      <subfield code="a">El presente trabajo de tesis de grado se desarrolló dentro de la oficina técnica de Urbanismo del ayuntamiento de Vilanova y la Geltrú como modalidad de prácticas con un convenio de cooperación educativa, la cual se dedica a la Coordinación, dirección y ejecución tanto del apartado de edificación como de obras públicas. Por razones del tiempo del practicum cercano a las elecciones locales, no se trataron muchos proyectos de edificación ni se realizaron ni aceptaron nuevos presupuesto en otros tipos de obra. Para ello, mi trabajo se centró más en el ámbito ejecutivo, tanto de proyectos ya empezados como proyectos que realicé de principio a fin pero ya habían sido proyectados, presupuestados y aceptados con anterioridad. Se expondrán la realización del control, dirección y ejecución de las obras públicas que se llevaran a cabo en el municipio de Vilanova i la Geltrú, durante el periodo de 1 de Marzo al 30 de Junio, con la finalidad de adquirir conocimientos tanto de la compañía como del alumno. Primero se realiza una explicación de la empresa, quienes son, como se organiza el equipo, virtudes. Más adelante expondré los controles de dirección y ejecución de las obras que he realizado en este tiempo de mi estancia en la empresa. En el cual aparte de explicar cómo han sido realizados, se hará un análisis de estos, en los cuales analizaremos todos los aspectos a la hora de ser realizados, desde como obtenemos los proyectos y los pasamos al estudio y que problemas podemos encontrarnos y como los solucionamos. Finalmente, se hace una valoración de la complejidad que puede tener la realización de un proyecto y cómo podemos mejorarlo.</subfield>
   </datafield>
   <datafield tag="653" ind2=" " ind1=" ">
      <subfield code="a">Àrees temàtiques de la UPC::Edificació::Gestió d'obres::Planificació i programació d'obres</subfield>
   </datafield>
   <datafield tag="653" ind2=" " ind1=" ">
      <subfield code="a">Architectural practice</subfield>
   </datafield>
   <datafield tag="653" ind2=" " ind1=" ">
      <subfield code="a">Project management</subfield>
   </datafield>
   <datafield tag="653" ind2=" " ind1=" ">
      <subfield code="a">Arquitectura--Pràctica professional</subfield>
   </datafield>
   <datafield tag="653" ind2=" " ind1=" ">
      <subfield code="a">Gestió de projectes</subfield>
   </datafield>
   <datafield ind2="0" ind1="0" tag="245">
      <subfield code="a">La meva experiència a l'oficina tècnica d'obres Públiques de l'Ajuntament de Vilanova i la Geltrú</subfield>
   </datafield>
</record></metadata></record></GetRecord></OAI-PMH>